Tower of God - Lieux par images - Statistiques

Statistiques générales
  • Ce quiz a été pris 7 fois
  • Le résultat moyen est 7 sur 16
Statistiques - réponses
Par images Réponse % Correct
Hell Express
83%
43ème étage
67%
La Cage
67%
Poubelle rouge
67%
Château d'Evankhell
50%
Main d'Arlène
50%
20ème étage
33%
Archimède
33%
Mur de la coexistence et de la paix
33%
Station finale
33%
Vaisseau mère Lo Po Bia
33%
Vaisseau mère Po Bidau
33%
Cat Tower
17%
Hôtel Viridis Parus
17%
Palais de Jaina Repellista Zahard
17%
Résidence de Ha Jinsung
17%
Aucun quiz correspondant
Distribution des résultats
% des personnes avec chaque résultat
Percentile par nombre de réponses
Votre historique - résultats
Vous n’avez pas pris ce quiz